000 00491nam a2200145Ia 4500
003 OSt
005 20260119121605.0
008 211028s2013 xx 000 0 und d
040 _cAIMIT LIBRARY
041 _aeng
100 _aNorbert, Pius; Kudtarkar, Ravi.
_g1116118
_97059
245 _aBusiness consultancy project at pepsico India on strategy for achieving growth target (expanding retailer base in Mangalore region) /
260 _aMangalore
_bRavi Kudtarkar
_c2013
942 _2ddc
_cPRO
999 _c218629
_d218629